Code of the laws in force in Mysore (Record no. 488506)

000 -LEADER
fixed length control field 00299cam a22001097a 4500
008 - FIXED-LENGTH DATA ELEMENTS--GENERAL INFORMATION
fixed length control field 180718b1923 xxu||||| |||| 00| 0 eng d
082 ## - DEWEY DECIMAL CLASSIFICATION NUMBER
Classification number A42x5444
100 ## - MAIN ENTRY--PERSONAL NAME
Personal name Mysore Legislative Department
245 ## - TITLE STATEMENT
Title Code of the laws in force in Mysore
260 ## - PUBLICATION, DISTRIBUTION, ETC.
Place of publication, distribution, etc. Bangalore
Name of publisher, distributor, etc. The author
Date of publication, distribution, etc. 1923
300 ## - PHYSICAL DESCRIPTION
Extent 385+p.
Holdings
Withdrawn status Lost status Damaged status Not for loan Permanent Location Current Location Date acquired Full call number Barcode Date last seen Price effective from Koha item type
        Indian Institute of Public Administration Indian Institute of Public Administration 2018-08-04 A42x5444 GR2383 2018-08-04 2018-08-04 GR

Powered by Koha